Справочник конструктора РЭА: Общие принципы конструирования

Մատենագիտական մանրամասներ
Այլ հեղինակներ: Варламов Р. Г. Рем Геннадьевич (редактор)
Լեզու:ռուսերեն
Հրապարակվել է: Москва, Советское радио, 1980
Խորագրեր:
Ձևաչափ: MixedMaterials Գիրք
KOHA link:https://koha.lib.tpu.ru/cgi-bin/koha/opac-detail.pl?biblionumber=34157

MARC

LEADER 00000nam0a2200000 4500
001 34157
005 20231101210221.0
035 |a (RuTPU)RU\TPU\book\34536 
035 |a BOOK00001187 
090 |a 34157 
100 |a 20011210d1980 km y0rusy50 ca 
101 0 |a rus 
102 |a RU 
105 |a a g 000zy 
200 1 |a Справочник конструктора РЭА: Общие принципы конструирования  |f под ред. Р. Г. Варламова 
210 |a Москва  |c Советское радио  |d 1980 
215 |a 478 с.  |c ил. 
606 1 |a Радиоаппаратура  |x Конструкция и расчет  |2 stltpush  |3 (RuTPU)RU\TPU\subj\22462  |9 47213 
610 1 |a материалы 
610 1 |a изделия 
610 1 |a электронные устройства 
610 1 |a конструирование 
610 1 |a общие принципы 
610 1 |a расчеты 
610 1 |a справочники 
675 |a 621.396.6.001.66(035)  |v 3 
702 1 |a Варламов  |b Р. Г.  |g Рем Геннадьевич  |4 340 
801 0 |a RU  |b 63413507  |c 20011210  |g PSBO 
801 2 |a RU  |b 63413507  |c 20211213  |g PSBO 
900 |a Технология материалов и изделий электронной техники 
900 |a Конструкторско-технологическое обеспечение производства ЭВМ 
942 |c BK